Normal view
MARC view
Entry Personal Name
001 - CONTROL NUMBER
- control field: 1239719
003 - CONTROL NUMBER IDENTIFIER
- control field: OSt
005 - DATE AND TIME OF LATEST TRANSACTION
- control field: 20260514122615.0
008 - FIXED-LENGTH DATA ELEMENTS
- fixed length control field: 260514|| aca||aabn | a|a d
040 ## - CATALOGING SOURCE
- Original cataloging agency: OSt
- Transcribing agency: OSt
100 ## - HEADING--PERSONAL NAME
- Personal name: Dr.N.S.Hadke
670 ## - SOURCE DATA FOUND
- Source citation: Work cat.: (OSt)1851535: Batish Aman 1239718, Randomised Controlled Study to Comparing Intraoperative and Postoperative Parameters and Weight Loss After Laparoscopic Sleeve Gastrectomy in Morbidly Obese Patients Using 36 Fr Bougie.
